Stratégiu ekonomiky SR modifikuje jej produkčná schopnosť
Vplyv svetovej recesie na stratégiu transformačného procesu na Slovensku. Negatívne dôsledky rozpadu ČSFR a východných trhov na pokles ekonomiky. Progresívne tendencie zahraničného obchodu. Koncepcia priemyselnej a zahraničnoobchodnej politiky na Ministerstve hospodárstva SR. Ekonomické priority. St...
Salvato in:
| Autore principale: | |
|---|---|
| Natura: | Capitolo di libro |
| Lingua: | slovacco |
| Soggetti: | |
| Tags: |
Nessun Tag, puoi essere il primo ad aggiungerne!!
|
MARC
| LEADER | 00000naa a2200000 4500 | ||
|---|---|---|---|
| 001 | r015413 | ||
| 005 | 20221205091344.4 | ||
| 041 | 0 | |a slo | |
| 044 | |a SK | ||
| 245 | 1 | 0 | |a Stratégiu ekonomiky SR modifikuje jej produkčná schopnosť |c Jaroslav Bartl |
| 520 | |a Vplyv svetovej recesie na stratégiu transformačného procesu na Slovensku. Negatívne dôsledky rozpadu ČSFR a východných trhov na pokles ekonomiky. Progresívne tendencie zahraničného obchodu. Koncepcia priemyselnej a zahraničnoobchodnej politiky na Ministerstve hospodárstva SR. Ekonomické priority. Strategická poloha. Strategické zámery. Privatizácia a oddelenie neefektívneho kapitálu. Zámery v zahraničnom obchode. | ||
| 610 | 2 | 0 | |a politika priemyselná |
| 610 | 2 | 0 | |a politika zahraničnoobchodná |
| 610 | 2 | 0 | |a Slovensko |
| 610 | 2 | 0 | |a koncepcie |
| 610 | 2 | 0 | |a priemysel |
| 610 | 2 | 0 | |a obchod zahraničný |
| 610 | 2 | 0 | |a stratégia hospodárska |
| 610 | 2 | 0 | |a MH SR Bratislava |
| 100 | 1 | |a Bartl, Jaroslav | |